La Guerra de Iraq: el asalto al poder sobre el mundo /
שמור ב:
| מחבר ראשי: | |
|---|---|
| פורמט: | Texto |
| נושאים: | |
| תגים: |
הוספת תג
אין תגיות, היה/י הראשונ/ה לתייג את הרשומה!
|
MARC
| LEADER | 00000 a a2200000 04500 | ||
|---|---|---|---|
| 001 | 11785 | ||
| 003 | |||
| 040 | |||
| 100 | |a Hinkelammert, Franz J. | ||
| 245 | |a La Guerra de Iraq: |b el asalto al poder sobre el mundo / |c Franz J. Hinkelammert | ||
| 650 | |a GUERRA | ||
| 650 | |a ESTADOUNIDENSES | ||
| 650 | |a MILITARISMO | ||
| 650 | |a IMPERIALISMO | ||
| 773 | |g número 107; páginas 17-31 | ||
| 999 | |c 26731 |d 26731 | ||
| 773 | 0 | |0 41641 |9 2469 |a Departamento Ecuménico de Investigaciones (DEI) |d San José, Costa Rica Departamento Ecuménico de Investigaciones (DEI) |o 20189 |t Pasos / | |
